| 000 | 00826nam a22002657a 4500 | ||
|---|---|---|---|
| 001 | 8932 | ||
| 003 | FISKH | ||
| 005 | 20251110133920.0 | ||
| 008 | 251110b cb ||||| |||| 00| 0 eng d | ||
| 020 | _a9780448455532 | ||
| 040 |
_aFISKH _beng _cFISKH _dFISKH |
||
| 050 | _aPZ7 .S965634 | ||
| 082 | _a156 | ||
| 100 |
_aBartlett, Craig _eAuthor |
||
| 245 |
_aA surprise for mom! : _bDinosaur train / _cBy Craig Bartlett |
||
| 260 |
_aNew York : _bGrosset & Dunlap , _c2011 |
||
| 300 |
_a29 unnumbered pages : _bcolor illustrations ; _c21 cm |
||
| 505 | _aL | ||
| 520 | _aIt's Mrs. Pteranodon's special day, and Buddy and his siblings want to show her how much they love her. | ||
| 521 | 8 |
_a510
_bLexile estimate |
|
| 521 | 8 |
_aL
_bRaz-Plus |
|
| 650 |
_aPicture book _vFamily |
||
| 942 |
_2ddc _cBK _n0 |
||
| 999 |
_c8932 _d8932 |
||